Greek lyric poetry : (Record no. 109)

MARC details
000 -LEADER
fixed length control field 00793nam a2200205Ka 4500
001 - CONTROL NUMBER
control field 2834752
003 - CONTROL NUMBER IDENTIFIER
control field csc
005 - DATE AND TIME OF LATEST TRANSACTION
control field 20200421093819.0
008 - FIXED-LENGTH DATA ELEMENTS--GENERAL INFORMATION
fixed length control field 991022t19991993enk b 001 0 eng d
020 ## - INTERNATIONAL STANDARD BOOK NUMBER
International Standard Book Number 0192836781
040 ## - CATALOGING SOURCE
Original cataloging agency csc
Transcribing agency csc
245 00 - TITLE STATEMENT
Title Greek lyric poetry :
Remainder of title the poems and fragments of the Greek iambic, elegiac, and melic poets (excluding Pindar and Bacchylides) down to 450 B.C. /
Statement of responsibility, etc. translated with introduction and notes by M.L. West.
260 ## - PUBLICATION, DISTRIBUTION, ETC.
Place of publication, distribution, etc. Oxford :
Name of publisher, distributor, etc. Oxford University Press,
Date of publication, distribution, etc. 1999, c1993.
300 ## - PHYSICAL DESCRIPTION
Extent xxiii, 212 p. ;
Dimensions 20 cm.
490 0# - SERIES STATEMENT
Series statement Oxford World's classics
504 ## - BIBLIOGRAPHY, ETC. NOTE
Bibliography, etc. note Includes bibliographical references and index.
650 #0 - SUBJECT ADDED ENTRY--TOPICAL TERM
Topical term or geographic name entry element Greek poetry
General subdivision Translations into English.
9 (RLIN) 751
700 1# - ADDED ENTRY--PERSONAL NAME
Personal name West, M. L.
Fuller form of name (Martin Litchfield),
Dates associated with a name 1937-
9 (RLIN) 131
942 ## - ADDED ENTRY ELEMENTS (KOHA)
Source of classification or shelving scheme Dewey Decimal Classification
Koha item type Books
Holdings
Withdrawn status Lost status Damaged status Not for loan Collection Home library Current library Shelving location Date acquired Barcode Date last seen Price effective from Koha item type
        Reference Midway Midway General stacks 09/04/2014 39999000004434 09/04/2014 09/04/2014 Books